[Event "Corus-B"]
[Site "Wijk aan Zee"]
[Date "2004.01.14"]
[Round "4"]
[White "Nijboer, Friso"]
[Black "Tiviakov, Sergei"]
[Result "0-1"]
[WhiteElo "2586"]
[BlackElo "2600"]
[Annotator "Tiviakov,S"]
[PlyCount "122"]
[EventDate "2004.01.10"]
[EventType "tourn"]
[EventRounds "13"]
[EventCountry "NED"]
[EventCategory "13"]
[SourceTitle "CBM 099"]
[Source "ChessBase"]
[SourceDate "2004.03.30"]
[SourceVersion "1"]
[SourceVersionDate "2004.03.30"]
[SourceQuality "1"]

1. e4 c5 2. Nf3 Nc6 3. d4 cxd4 4. Nxd4 g6 5. c4 Nf6 6. Nc3 d6 7. Be2 Bg7 8. Be3
O-O 9. O-O Nxd4 10. Bxd4 Bd7 11. Qd2 Bc6 12. f3 a5 13. b3 Nd7 14. Bf2 Nc5 15.
Rab1 Qb6 $5 (15... e6) (15... b6) (15... Qc7) 16. a3 Qd8 17. Rfd1 (17. b4 axb4
18. axb4 Na4 (18... Ra3 19. Nb5 Bxb5 20. bxc5 Bc6 21. cxd6 exd6 22. Rfd1 Be5
23. c5 Ba4 24. cxd6 Bxd1 25. Rxd1 Qf6 26. Qd5 Rd8 27. d7 Rc3 28. Bb5 Rc2 29.
Rf1 h5 30. g3 Bc7 31. Qd3 Rc3 32. Qd4 Qxf3 33. Be1 Qe3+ 34. Qxe3 Rxe3 35. Bf2
Rb3 36. Bc4 Rb4 37. Bxf7+ Kxf7 38. Bc5+ Ke6 39. Bxb4 Rxd7 40. Bc3 Bb6+ 41. Kg2
Rf7 42. Rxf7 Kxf7 43. Kf3 Ke6 44. g4 h4 45. h3 Bc7 46. g5 b5 47. Kg4 Bg3 48.
Kf3 Bd6 49. Kg4 Be5 50. Bd2 Bg3 51. Kf3 Kd7 52. Ke3 Kd6 53. Bb4+ Ke6 54. Bd2
Kd6 55. Bb4+ Kd7 56. Bd2 Kc6 57. Bb4 Be5 58. Be1 Bg3 59. Bb4 Kc7 60. Kd4 Kc6
61. Bd2 Kd6 62. Bb4+ Ke6 63. Ke3 Ke5 64. Bc3+ Kd6 65. Bb4+ {1/2-1/2 Savon,
V-Larsen,B/Palma de Mallorca 1989/B38-B39 (65)}) 19. Nxa4 Rxa4 20. Rfc1 Qa8 21.
Rc2 Rc8 22. Bf1 h5 23. h3 Bd7 24. c5 Be6 25. Bb5 Ra3 26. cxd6 Rxc2 27. Qxc2
exd6 28. f4 Ra2 29. Qd3 d5 30. Rd1 dxe4 31. Qxe4 Ra1 32. Rxa1 Qxa1+ 33. Kh2 Qa2
34. Qe2 Qb3 35. Bc5 b6 36. Bxb6 Qxb4 37. Be3 Bh6 38. Qf1 Qb3 39. Qd3 Qb4 40.
Qf1 Bd5 41. Be2 Qb2 42. Bf3 Qb3 43. Qf2 Be6 44. Qd2 Bg7 {1/2-1/2 Arnason,
J-Larsen,B/NOR 1992/CBM 31 (44)}) (17. Bd1 e6 (17... Qb8 18. Bc2 (18. b4 axb4
19. axb4 Ra3 20. Nd5 Bxd5 21. exd5 Nd3 22. Bb6 Ne5 23. Bb3 Qc8 24. Qe2 Rxb3 25.
Rxb3 Qxc4 26. Qd1 Ra8 27. Be3 Ra2 28. Qb1 Rc2 29. Ra3 h5 30. Rc1 Rxc1+ 31. Qxc1
Qxd5 32. Ra8+ Kh7 33. Rc8 b5 34. h3 Nc4 35. Bf2 Qb7 36. Re8 Qd7 37. Rb8 d5 38.
Qf4 e5 39. Qh4 f6 40. g4 Nd2 41. Kg2 Qc7 42. Ra8 Qc3 43. Qg3 e4 44. fxe4 Qxb4
45. Qf4 Qxe4+ {1/2-1/2 Wedberg,T-Nielsen,P/Stockholm 1999/CBM 68 ext (45)})
18... Rc8 19. a4 (19. Rfd1 b6 20. Nd5 Bxd5 21. exd5 Qb7 22. Re1 Qd7 23. Re2
Rab8 24. Rbe1 Re8 25. b4 axb4 26. axb4 Na6 27. Bh4 Rb7 28. Rxe7 {1-0 Perz,
M-Kolacz,W/IECC 2001/Telechess CBM 87 (28)}) 19... Rc7 20. Rbe1 Qf8 21. f4 e6
22. Bxc5 dxc5 23. e5 f6 24. Qd6 Qe7 25. Nb5 Bxb5 26. Qxe7 Rxe7 27. exf6 Bxc4
28. fxe7 Bxf1 29. Rxe6 Kf7 30. e8=Q+ Rxe8 31. Rxe8 Kxe8 32. Kxf1 {1/2-1/2
Hernandez,G-Petursson,M/Linares 1994/TD (32)}) (17... b6 18. b4 (18. Bc2 h5 19.
Rfd1 Kh7 20. Kh1 Be5 21. Qe3 Rh8 22. Ne2 Qc7 23. Nd4 Bb7 24. Nb5 Qc6 25. Bh4
Rhe8 26. Bf2 Rec8 27. Nc3 Qe8 28. Re1 Nd7 29. f4 Bg7 30. a4 Kg8 31. Rbd1 Nc5
32. Bh4 Nd7 33. Re2 Rab8 34. Bg3 Rc5 35. Red2 Nf6 36. h3 Bh6 37. Qf2 Bc6 38.
Re2 Bg7 39. Qe1 Ba8 40. e5 dxe5 41. fxe5 Nh7 42. e6 Rbc8 43. exf7+ Qxf7 44. Rf2
Bf6 45. Ne4 Rf5 46. Nxf6+ Rxf6 47. Qe3 Qe6 48. Re1 Qxh3+ 49. Kg1 Qg4 50. Rxf6
exf6 51. Qe6+ Qxe6 52. Rxe6 Rd8 53. Rd6 Rxd6 54. Bxd6 Kf7 55. Bc7 Ng5 56. Bxb6
Ne6 57. Bxa5 h4 58. Be1 g5 59. Kh2 f5 60. Bxf5 Nd4 61. Bg4 Nxb3 62. a5 Nc5 63.
Bf2 Ne4 64. Be3 Bb7 65. c5 Kf6 66. Bd4+ Ke7 67. Be2 Kd7 68. a6 Bc6 69. Bg4+ Kc7
70. Be5+ Kd8 71. Bd6 Nf2 72. Bf3 Ne4 73. Bf8 Kc8 74. Bd6 Kd7 75. Bg4+ Kd8 76.
a7 Ke8 77. Be2 Nc3 78. Bf3 Nd5 79. Kh3 {1-0 Wahls,M-Bancod,R/Biel 1995/CBM 48
ext (79)}) 18... axb4 (18... Nd7 19. Bb3 Rb8 20. Rfd1 Qc7 21. Rbc1 Qa7 22. Ne2
axb4 23. axb4 Qa3 24. Rb1 Ba4 25. Bd4 Ne5 26. Bb2 Qxb3 27. Bxe5 Qxc4 28. Bxg7
Kxg7 29. Rdc1 Qa6 30. b5 Qa5 31. Qxa5 bxa5 32. Nc3 Rfc8 33. Nxa4 Rxc1+ 34. Rxc1
Rxb5 35. Ra1 Kf6 36. Nc3 Rc5 37. Nd5+ Ke6 38. Kf2 f5 39. Nf4+ Kf6 40. Ra2 e6
41. Nd3 Rb5 42. Ke3 e5 43. Rb2 Rxb2 44. Nxb2 Ke6 45. Na4 d5 46. Nc5+ Kd6 47.
Nb7+ Kc7 48. Nxa5 {1-0 Wells,P-McElligott,G/Dublin 1993/CBM 34 ext (48)}) 19.
axb4 Nd7 20. Bb3 Ra3 (20... Kh8 21. Ne2 Ne5 22. Nd4 Bb7 23. Qe3 Qc8 24. Rfc1
Ra6 25. Qe2 Kg8 26. Nc2 Qc7 27. Ne3 Bh6 28. Rc2 e6 29. Bg3 Ra3 30. Ra2 Rfa8 31.
Rxa3 Rxa3 32. Nc2 Ra8 33. Nd4 Ba6 34. f4 Nd7 35. f5 exf5 36. exf5 Ne5 37. Ra1
Bb7 38. Rxa8+ Bxa8 39. Nb5 Qc6 40. Nc3 Qc7 41. h3 Qa7 42. Nb5 Qe7 43. c5 bxc5
44. f6 Qxf6 45. bxc5 Bf4 46. Bxf4 {1/2-1/2 Gleizerov,E-Manca,F/Padova 1999/CBM
73ext (46)}) 21. Bd4 Bxd4+ 22. Qxd4 Qc7 23. Rfc1 Qb8 24. Qd2 Rc8 25. Kh1 Qa8
26. h3 Rc7 27. Qf4 Ne5 28. Qd2 Nd7 29. Kh2 Qb8 30. Qb2 Qa8 31. Ne2 Nf6 32. Rc3
Raa7 33. Rbc1 Qb8 34. Kg1 Rab7 35. Nf4 Kg7 36. h4 h6 37. Qf2 Kh7 38. c5 Bxe4
39. Bxf7 Bf5 40. g4 e5 41. gxf5 exf4 42. Bxg6+ Kg7 43. c6 Ra7 44. Re1 Re7 45.
Rcc1 b5 46. Qd4 d5 47. Qc5 Rec7 48. Re6 Ra3 49. Rxf6 Kxf6 50. Qd4+ Ke7 51. Qe5+
{1-0 Jackelen,T-Van der Veen,H/Germany 1999/GER-chT2 (51)}) 18. b4 (18. Nb5
Bxb5 19. cxb5 Qe7 20. b4 axb4 21. axb4 Nd7 22. Bb3 Rfd8 23. Rfd1 Ne5 24. f4 Ng4
25. Bb6 Rdc8 26. Rbc1 Nf6 27. Rxc8+ Rxc8 28. Qd3 Ne8 29. Bd4 Bxd4+ 30. Qxd4 Qc7
31. b6 Qc3 32. Ba4 Nf6 33. Qxc3 Rxc3 34. Bb5 Rb3 35. Rd4 d5 36. exd5 Nxd5 37.
Bc6 Nxb4 38. Bxb7 Nd3 39. g3 Rxb6 40. Rxd3 Rxb7 41. Kg2 Rb2+ 42. Kh3 Kg7 43. g4
h5 44. g5 Rb4 45. Kg3 e5 46. fxe5 Rg4+ 47. Kf3 Rxg5 48. Re3 Kf8 49. e6 Rf5+ 50.
Kg3 f6 51. e7+ Ke8 52. Re6 g5 53. h3 Rf4 54. Kg2 h4 55. Kh2 f5 56. Kg2 g4 57.
hxg4 fxg4 58. Rh6 g3 59. Rh7 Rg4 60. Kg1 g2 61. Rh5 Kxe7 62. Re5+ Kf6 63. Re3
Kf5 {1/2-1/2 Marfia,J-Krensing,J/IECG 2001/Complete 2001 (63)}) 18... axb4 19.
axb4 Ra3 (19... Na4 20. Bxa4 Bxa4 21. b5 Qa5 22. Bd4 Rfc8 23. Bxg7 Kxg7 24.
Qd4+ Kg8 25. Rf2 e5 26. Qd3 Qc7 27. Rb4 Bxb5 28. Rxb5 Qxc4 29. Qxc4 Rxc4 30.
Rb3 f5 31. Rd2 {1-0 Slipak,S-Pierrot,F/Buenos Aires 1998/EXT 2002 (31)}) 20.
bxc5 Bxc3 21. Qc1 Qa5 22. cxd6 Bb4 23. Qf4 (23. c5 Rc3 24. Qf4 Bxc5 25. Qf6
Bxf2+ 26. Rxf2 Qc5 27. e5 Re3 28. Bb3 Rxe5 29. Rd1 Qc3 30. Rdf1 Qe3 31. Ba2 Bb5
{0-1 Kinkelin,C-Ros,A/IECG 2001/Telechess CBM 87 (31)}) 23... e5 24. Qf6 Bc5
25. Bb3 Rd8 26. Rfd1 Rxb3 27. Ra1 Ra3 28. Rxa3 Bxa3 29. h4 Rd7 30. Bg3 Rxd6 31.
Rxd6 Qc5+ 32. Kh2 Qxd6 33. Bxe5 Qxf6 34. Bxf6 Bd7 35. Bd4 Kf8 {0-1 Spangenberg
- M.Andres, Buenos Aires 1997/Inf 71/167}) 17... b6 $146 (17... Re8 18. Bf1 Be5
(18... b6 {- 17...b6 18.Bf1 Re8}) 19. Ne2 Ne6 20. Rbc1 Qb8 21. Bb6 Nc5 22. Rb1
Ra6 23. Bxc5 dxc5 24. g3 Bg7 25. Qe3 b6 26. Bg2 Qb7 27. a4 Raa8 28. Rd3 Rad8
29. Rbd1 Rxd3 30. Rxd3 e6 31. e5 h5 32. Nc3 {1/2-1/2 Gurevich,I-Petursson,M/St
Martin 1993/TD (32)}) (17... a4 $5 18. b4 Nb3) 18. Bf1 Re8 (18... Qb8 $5) (
18... f5 $5 19. exf5 Rxf5) 19. Qe3 Rb8 20. Ne2 $1 (20. b4 axb4 21. axb4 Na4 $11
) 20... Bd7 $5 (20... Ne6 21. b4 $14) 21. Nd4 Ne6 22. Nb5 Qc8 23. b4 axb4 24.
axb4 Rd8 (24... Qb7 25. Nc3 Nc7 $14) 25. Nc3 Nc7 26. Rdc1 Qb7 27. Be2 $2 (27.
b5 $14 {><b6}) 27... b5 $11 28. c5 (28. cxb5 Nxb5 (28... Bxb5 29. Nxb5 Nxb5 30.
Qd3 $14) 29. Nd5 e6 $11) (28. Nd5 Nxd5 29. cxd5 Rdc8 $11) 28... dxc5 29. Qxc5
e6 {(><d5)} (29... Ne6 $2 30. Qxe7 Bf8 31. Qh4 $18) 30. Nd1 (30. Qg5 $11) (30.
e5 Rbc8 (30... Rdc8 31. Ne4 Nd5 32. Qd4 $14) 31. Qe3 (31. Ne4 Nd5 32. Qd4 Bc6
$132 {<->d}) 31... Bc6 $11) 30... Na6 31. Qg5 Be8 32. Ne3 $6 $138 (32. Be3 $11
{/\Qg3-f2, /\Nf2}) 32... h6 33. Qh4 Rd2 34. Re1 (34. Bf1 f5 35. exf5 exf5 $15)
34... f5 $1 {[><g4]} 35. exf5 exf5 36. f4 $2 {[גh1-a8]} (36. Rbd1 Rxd1 37.
Rxd1 Bf7 $15 {><b4}) 36... Bc6 $1 37. Qg3 Kh7 38. Nf1 Rc2 (38... Ra2 $5) 39.
Bd3 Rc3 {[/\Be4]} 40. Re3 (40. Re6 Qf7 41. Rd6 Be4 42. Nd2 Nc7 $17) 40... Qf7
$1 (40... Bd4 41. Re6 Bxf2+ 42. Kxf2 Rg8 $15) (40... Re8 41. Bxb5 $1 (41. Bxf5
gxf5 42. Rxc3 Bxc3 43. Qxc3 Bxg2 $17) 41... Rexe3 42. Bxc6 Qxb4 43. Rxb4 Rxg3
44. Rb6 (44. Rb7 Rxc6 45. hxg3 $11) 44... Rxc6 45. hxg3 Rxb6 46. Bxb6 $11) 41.
Be2 (41. Rbe1 Re8 $17 {><b4, ץd3}) 41... Rxe3 42. Qxe3 Qa2 $1 $17 (42... Re8
43. Qd2 $15) 43. Bd3 (43. Rc1 Nxb4 (43... Re8 $5) 44. Qe7 Re8 45. Qxb4 Rxe2 $19
) 43... Qd5 $5 (43... Re8 44. Qg3 Rd8 $17) 44. Qg3 (44. Qh3 Qd6 $19) 44... Rd8
$1 45. Bc2 (45. Be2 Qa2 46. Rd1 Rxd1 47. Bxd1 Nxb4 $19) 45... Qa2 46. Rc1 (46.
Qb3 Qxb3 47. Bxb3 (47. Rxb3 Bd5 48. Rb1 Ba2 $19 {><b4}) 47... Nxb4 $19) (46.
Ne3 $142 Rd2 47. Re1 Rxc2 (47... Bd4 $5 $19) 48. Nxc2 Qxc2 49. Re6 Qc1+ 50. Be1
Nxb4 51. Qxg6+ Kh8 $19) 46... Nxb4 47. Bb1 (47. Bb3 Qb2 $19) 47... Qb2 48. Re1
Re8 49. Rd1 Nd5 $19 50. Bd3 Nc3 51. Rd2 $138 Qa1 $138 (51... Qc1 52. h4 Be4 (
52... h5 $19) 53. h5 gxh5 $19) 52. h4 Be4 $6 (52... h5 $142 $19) 53. h5 gxh5
54. Kh2 b4 $6 (54... Rd8 55. Bxe4 Nxe4 $19) 55. Ne3 Rf8 $2 (55... Bxd3 56. Rxd3
Ne4 57. Qf3 Qa6 $19) 56. Bc4 $1 $132 h4 $5 (56... Bc6 57. Rd6 Be8 58. Ra6 $15)
57. Qxh4 Qa4 (57... Bc6 $5 58. Rd8 $15 {><f5}) 58. Rd6 $6 (58. Qe7 $142 Qe8 (
58... Qc6 59. Rd7 Qf6 60. Qxb4 $11) 59. Qxb4 $15) 58... b3 $6 (58... Qa8 $1 $17
{/\Qe8}) 59. Qg3 $2 (59. Qh5 Qe8 $8 (59... b2 60. Bf7 Rxf7 $8 (60... b1=Q 61.
Rxh6+ Bxh6 62. Qg6+ Kh8 63. Qxh6#) 61. Qxf7 $16) 60. Qxe8 Rxe8 61. Bxb3 $11)
59... b2 $4 (59... Qe8 $1 60. Bxb3 (60. Rb6 Ne2 61. Bxe2 b2 $19) 60... Ne2 $19
61. Qh4 $140 Qb8) 60. Qg6+ Kh8 61. Bh4 $4 (61. Qh5 Kh7 (61... Qc6 62. Rxc6 Bxc6
63. Nxf5 b1=Q (63... Be8 64. Qg4 Rxf5 65. Qxf5 b1=Q 66. Qe6 $18) 64. Bd4 $18)
62. Bf7 $1 (62. Qg6+ Kh8 63. Qh5) 62... Rxf7 (62... b1=Q 63. Rxh6+ Bxh6 64.
Qg6+ Kh8 65. Qxh6#) 63. Qxf7 Qa8 (63... b1=Q 64. Qg6+ Kh8 65. Rd8+ $18) 64. Nc4
(64. Nxf5 Bxf5 65. Qxf5+ Kh8 66. Rb6 b1=Q 67. Rxb1 Nxb1 68. Qxb1 $14) (64. g4
Kh8 $8 (64... fxg4 65. Rxh6+ Kxh6 66. Nxg4+ Kh7 67. Nf6+ $18) 65. Nxf5 Bxf5 66.
Rxh6+ Bh7 67. Bd4 Qg8 68. Bxg7+ Qxg7 69. Qe8+ Qg8 70. Qe5+ Qg7 71. Qb8+ Qg8 72.
Qxb2 $18) 64... Qf8 (64... Ne2 65. Nxb2 $18) (64... b1=Q 65. Ne5 $1 $18) 65.
Qxf8 Bxf8 66. Rd7+ Kg6 67. Nxb2 $18) 61... Qe8 $1 (61... b1=Q 62. Bf6 $18) 0-1

[Event "Corus-B"]
[Site "Wijk aan Zee"]
[Date "2004.01.23"]
[Round "11"]
[White "Hamdouchi, Hicham"]
[Black "Tiviakov, Sergei"]
[Result "0-1"]
[WhiteElo "2588"]
[BlackElo "2600"]
[Annotator "Tiviakov,S"]
[PlyCount "56"]
[EventDate "2004.01.10"]
[EventType "tourn"]
[EventRounds "13"]
[EventCountry "NED"]
[EventCategory "13"]
[SourceTitle "CBM 099"]
[Source "ChessBase"]
[SourceDate "2004.03.30"]
[SourceVersion "1"]
[SourceVersionDate "2004.03.30"]
[SourceQuality "1"]

1. e4 c5 2. Nf3 Nc6 3. d4 cxd4 4. Nxd4 g6 5. c4 Nf6 6. Nc3 d6 7. Be2 Bg7 8. Be3
O-O 9. O-O Nxd4 10. Bxd4 Bd7 11. Qd2 Bc6 12. Bd3 a5 13. Rae1 (13. f4 e5 $5) (
13. b3) (13. Kh1) (13. Rfe1) (13. Nd5) (13. Rac1) 13... a4 $5 (13... Nd7) 14.
Nd5 (14. f4 e5 (14... Qa5) 15. Be3 Ng4 (15... exf4 $5) 16. f5 Bf6 17. Kh1 {
1/2-1/2 Bryzgalin Kirill (RUS)-Savchenko Boris (RUS)/Krasnodar (Russia) 2003 
(17)}) (14. Kh1) 14... Nd7 $1 15. Bxg7 Kxg7 16. Re3 (16. f4 $5) 16... e5 17.
Rh3 (17. Nc3 Nc5) (17. Bc2 Bxd5 18. Qxd5 Nc5 19. Rd1 Ra6 $11) 17... h5 18. Ne3
$6 (18. Nc3 Nc5 19. Bb1 (19. f4 exf4 20. Qxf4 (20. Rxf4 {82/139}) 20... Ne6 21.
Qf2 Qg5 22. Nd5 Bxd5 23. exd5 Nc5 24. Rf3 (24. Rg3 $5 {82/139}) 24... f5 25.
Bb1 (25. Rg3 $5 {82/139}) 25... Qf6 $5 26. Re1 (26. b4 $5 {82/139}) 26... Rae8
27. Rfe3 Rxe3 28. Rxe3 Rf7 $13 29. Qe2 Qd4 30. Kh1 Nd7 31. Re6 Qf4 32. g3 Qc1+
33. Qe1 Qxc4 34. Rxd6 Nf6 35. Kg2 h4 36. Qe5 h3+ 37. Kf2 Qc5+ {0-1 Bittencourt,
J-Felgaer,R/Yucay 2001/EXT 2002/Inf 82/139}) (19. Rd1 {82/139}) 19... Qe7 20.
Rd1 Rfd8 21. Re3 $13 Ra6 22. Re2 Raa8 23. Qe3 Qe6 24. Bd3 Qf6 25. Red2 Qe6 26.
Bf1 Qe7 27. Be2 Rd7 28. g3 h4 29. Bg4 Rdd8 30. f3 hxg3 31. hxg3 Ne6 32. Ne2
Rab8 33. Kg2 b5 34. Rh1 Qg5 35. Qxg5 Nxg5 36. cxb5 Rxb5 37. Nc3 Rb6 38. Kf2 f5
39. exf5 gxf5 40. Rh5 Kg6 41. f4 exf4 42. gxf4 Ne4+ 43. Nxe4 Bxe4 44. Rg5+ Kf6
45. Bh5 Rdb8 46. Ke3 Bb1 47. Rg6+ Ke7 48. Rg7+ Ke6 49. Bf7+ Kf6 50. Rdg2 Rh8
51. Bc4 Re8+ 52. Kd4 Re4+ 53. Kd5 {1-0 Milos,G-Hoffman,A/Santos 2001/Inf 82/
(139)}) 18... Nc5 $1 $146 (18... Rh8 19. f4 exf4 20. Rxf4 Qa5 $13 21. Qf2 Ne5
22. Rg3 Qc5 23. Kh1 Raf8 24. Bc2 Bd7 25. Rf6 Be6 26. Bxa4 h4 27. Rg5 Nd3 28.
Qd2 Qxg5 29. Rf1 Qe5 30. Qxd3 h3 31. g3 Qxb2 32. Qxd6 Rd8 33. Qf4 Rd2 34. g4
Qd4 35. Bb3 Rd8 36. Rf3 Qa1+ 37. Rf1 Qd4 38. Rf3 Re2 39. Rxh3 Re1+ 40. Kg2 Qd2+
41. Kg3 {0-1 Dobrov,V-Vokarev,S/St Petersburg 2002/EXT 2003 (41)}) 19. f4 (19.
f3 $15 {צh3}) (19. Nd5 Bxd5 $15) (19. Qc2 Bd7 20. Rg3 h4 21. Rf3 Ne6 $17) (19.
Rxh5 gxh5 (19... Nxd3 20. Nf5+ Kf6 $19) 20. Nf5+ Kg8 21. Qh6 Ne6 $19) 19...
Bxe4 20. f5 $5 (20. Bxe4 Nxe4 21. Qd5 f5 (21... Nf6 22. Qxb7 Rb8 23. Qa7 Rxb2
24. fxe5 dxe5 25. Rhf3 Qd4 26. Qe7 Rb6 27. Rd1 Re6 $15) 22. Qxb7+ Rf7 23. Qd5
exf4 24. Rxf4 $15) 20... Nxd3 21. f6+ Kh7 $6 (21... Kg8 22. Nd5 $8 (22. Nf5
Bxf5 23. Rxf5 Nf4 $19) (22. Ng4 Qb6+ 23. Kh1 Qxb2 $19) 22... Nf4 23. Rxf4 (23.
Nxf4 exf4 24. Qxf4 Bf5 25. g4 Qxf6 26. gxf5 $17) 23... exf4 24. Qxf4 Qa5 (24...
Bxd5 25. Rxh5 Qb6+ 26. Kh1 Bxg2+ 27. Kxg2 Qxb2+ 28. Kh3 $11) 25. Qxe4 Qd2 $17)
22. Ng4 Qb6+ (22... Nf4 23. Rxf4 exf4 24. Qxf4 Qb6+ 25. Kh1 Bxg2+ 26. Kxg2
Qxb2+ 27. Kg1 Qb1+ 28. Kg2 Qxa2+ 29. Kg1 Qa1+ 30. Kg2 $11) 23. Kh1 Bxg2+ 24.
Qxg2 (24. Kxg2 Qxb2 25. Rxd3 Qxd2+ 26. Rxd2 hxg4 27. Rxd6 Rac8 $19) 24... Nf4 (
24... Qxb2 25. Qe4 $16) (24... Qc6 $5 25. Qxc6 (25. Rxd3 Qxg2+ 26. Kxg2 hxg4
27. Rxd6 $15) 25... bxc6 26. Rxd3 hxg4 27. Rxd6 $15) 25. Rxf4 exf4 26. Rxh5+ $2
(26. Ne5 $3 Qd4 (26... dxe5 27. Rxh5+ Kg8 28. Qg5 Qc6+ 29. Kg1 Qc5+ 30. Kh1
Qc6+ 31. Kg1 $11 Qxf6 $6 32. Qxf6 gxh5 33. Qg5+ Kh7 34. Qxh5+ Kg8 35. Qg5+ Kh7
36. Qxe5 $14) 27. Rxh5+ $1 Kg8 28. Rh8+ $1 Kxh8 29. Qh3+ Kg8 30. Qh6 $11 Qe4+
31. Kg1 Qb1+ 32. Kf2 Qc2+ (32... Qxb2+ $4 33. Kf3 $18) 33. Kf3 Qd1+ 34. Kf2
Qd2+ 35. Kf1 $11) 26... gxh5 27. Qe4+ Kg8 (27... Kh8 $4 28. Qxf4 Qc6+ 29. Kg1
$18) 28. Ne3 (28. Qxf4 Qc6+ 29. Kg1 Qc5+ 30. Kf1 Ra5 $19) 28... Qxb2 0-1

[Event "RUS-chT 07th"]
[Site "Smolensk"]
[Date "2000.04.15"]
[Round "1"]
[White "Rodin, Mihail"]
[Black "Beshukov, Sergei"]
[Result "1-0"]
[WhiteElo "2365"]
[BlackElo "2460"]
[Annotator "Tsesarsky,I"]
[PlyCount "99"]
[EventDate "2000.04.15"]
[EventType "team-tourn"]
[EventRounds "11"]
[EventCountry "RUS"]
[SourceTitle "CBM 077"]
[Source "ChessBase"]
[SourceDate "2000.07.27"]
[SourceVersion "1"]
[SourceVersionDate "2000.07.27"]
[SourceQuality "1"]
[WhiteTeam "Saratov GShK"]
[BlackTeam "Maykop Universitet"]
[WhiteTeamCountry "RUS"]
[BlackTeamCountry "RUS"]

1. e4 c5 2. Nf3 Nc6 3. d4 cxd4 4. Nxd4 g6 5. c4 Bg7 6. Be3 Nf6 7. Nc3 d6 8. Be2
O-O 9. O-O Bd7 10. Qd2 Ng4 (10... Nxd4 {-mainline}) 11. Nxc6 (11. Bxg4 {
-mainline} Bxg4 {In my opinion, here the best move is} 12. f4 $1 $16 {[%csl
Rg4][%cal Ga1c1,Gf4f5]} (12. Nxc6 bxc6 13. Bh6 {-another moves order})) 11...
bxc6 12. Bxg4 Bxg4 13. Bh6 Qa5 $146 (13... Qb6 14. Bxg7 Kxg7 15. Kh1 Be6 16. b3
f5 17. exf5 Bxf5 18. Rae1 Rf7 19. Re3 Raf8 20. Rfe1 Qd8 21. f3 $14 {1-0 Nisula,
T-Maki,U/Tampere Taraus ,EXT 1989/ (60)}) (13... Bxh6 14. Qxh6 Be6 (14... Qb6
15. b3 Rad8 (15... Qd4 16. Rac1 Qg7 (16... a5 17. Qg5 (17. Qh4 $16) 17... Be6
18. Qxe7 $16 {1-0 Molnar,E-Kis,J/tt-HUN2 Gyongyos-BEAC (2) 1996/ (47)}) 17. Qh4
$14) 16. Qh4 Qa5 17. Rac1 Bc8 18. f4 $14 (18. Qxe7 $6 f6 {[%csl Re7]} 19. c5
Rf7 20. b4 Rxe7 21. bxa5 dxc5 22. Rfd1 Red7 $11 {1/2-1/2 Stohl,I-Pantavos,P/
Groningen 1982/(27)} (22... Rd4 $15))) (14... Rb8 15. b3 Qa5 16. Rac1 Rb7 17.
f4 Qc5+ 18. Kh1 Qe3 19. Qh4 $14 {1/2-1/2 Sokolov,V-Ostojic,P/Novi Sad 1965/ 
(47)}) 15. b3 Qa5 16. Rac1 Qe5 (16... Rae8 17. Rfe1 f5 18. exf5 Bxf5 19. Qd2
$14 {1/2-1/2 Bischoff,K-Muse,M/BL 1988/(42)}) 17. f4 Qd4+ 18. Kh1 f5 19. Qh3
Rae8 20. Rce1 a5 21. Re2 Qa7 22. Rfe1 $14 {1/2-1/2 Sax,G-Miles,A/Linares 1983/
(22)}) 14. Bxg7 Kxg7 15. Rfe1 (15. f4 $2 Qc5+ {[%csl Rc4]}) (15. b3 $14) 15...
Be6 16. b3 Rfd8 17. Rac1 $6 ({Why not} 17. Re3 $14 {[%cal Ga1f1,Gh2h4,Ge3g3]
and White can start Attack on the Kingside}) 17... Rac8 18. Qe3 f6 19. Rcd1 Bf7
20. Rd3 {White spend some tempi, but Black haven't any serious counterplay} e6
$6 $14 {Wrong plan} (20... e5 $2 21. Red1 Qc7 22. Qd2 $16) (20... Qb6 $142 $5
$132) 21. Red1 d5 $2 $16 {[%mdl 16384] very bad. How Black can weakenen all
black squares on the kingside without any compensation?} (21... Qc7 22. Qd2 (
22. h3 $14) 22... Qa5 (22... d5 23. exd5 cxd5 24. cxd5 exd5 25. h3 $16) 23. Na4
Qxd2 24. R1xd2 d5 25. f4 Re8 26. e5 fxe5 27. fxe5 c5 28. Nc3 {[%cal Gc3b5,
Gb5d6]} a6 29. h4 $14) 22. e5 f5 {[%csl Rc5,Rd6,Re7,Rf6,Rg5,Rh6]} 23. Qg5 Kg8
24. h4 Rd7 25. Ne2 $1 Qc7 ({Pa2 "is poisoned"} 25... Qxa2 26. Nf4 Rb7 27. Qf6
Re8 (27... Rxb3 28. Nxe6 $18) 28. h5 Rxb3 (28... gxh5 29. Rg3+ $18) 29. h6 Kf8
30. Nxg6+ $18) (25... Qd8 26. Qg3 $16 (26. Qxd8+ $16 {like in this game})) 26.
Qf6 (26. Nf4 Qxe5 27. Re3 (27. Nh5 Rdd8 28. Nf6+ (28. Re3 Qb2 $15) 28... Kg7
29. Nh5+ $11) 27... Qg7 28. Nxe6 Bxe6 29. Rxe6 dxc4 30. Rde1 cxb3 31. axb3 Qf7
$44) 26... Qd8 27. Qxd8+ Rdxd8 28. cxd5 cxd5 (28... exd5 29. Nf4 Re8 30. Re3 (
30. Re1 Be6 31. Kf1 Rb8 32. Rc3 Rb6 33. Ne2 Kf7 34. Nd4 $16) 30... Be6 31. Kf1
$16) 29. Rc3 $1 {[%mdl 32] White change all 4R through c-file and recieve
winning position.} Rxc3 30. Nxc3 Rc8 31. Nb5 Rc2 32. Rd3 Kf8 ({and now also
Pa2 "is poisoned"} 32... Rxa2 33. Rc3 a5 (33... Kh8 34. Rc7 a6 35. Nd6 Bg8 36.
Ne8 Rb2 37. Nf6 Rxb3 38. Rc8 $18) 34. Nd6 $18) 33. Rc3 Rxc3 (33... Rxa2 34.
Rc8+ Kg7 35. Rc7 Kf8 36. Nd6 Bg8 37. Rc8+ Kg7 38. Ne8+ Kf7 (38... Kh6 39. Rc7
$18 {[%csl Rg8][%cal Ge8f6]}) 39. Nf6 $18) 34. Nxc3 {[%mdl 4096]} Ke7 (34... d4
35. Nb5 d3 36. Kf1 $18) 35. b4 Be8 36. Ne2 {[%cal Ge2d4]} Bb5 ({Was not help
plan to arrange B in rear:} 36... Bd7 37. Nd4 Kd8 38. Kf1 Kc7 39. Ke2 Kb6 40.
Ke3 a5 41. a3 axb4 42. axb4 Ka6 43. Kf4 h6 44. g4 Kb6 45. gxf5 (45. h5 g5+)
45... gxf5 46. Ke3 Ka6 47. Kd3 Kb6 48. Kc3 Ka6 49. f4 Kb6 50. Kb3 Ka6 51. b5+
Ka5 52. Kc3 Kb6 53. Kb4 h5 (53... Bc8 54. Nb3 Bd7 55. Nc5 Bc8 (55... Bxb5 56.
Nxe6 Bd3 57. Nd4 Kc7 58. Kc5 Be4 59. e6 $18) 56. Na4+ Kc7 57. Kc5 $18) 54. Nb3
Bxb5 55. Nc5 d4 56. Nxe6 d3 57. Kc3 $18 {[%csl Rd3,Rf5,Rh5][%cal Ge6g7]}) 37.
Nd4 a6 38. f4 Bc4 39. a4 Kd7 40. Kf2 Bd3 41. Ke3 Bc4 42. g3 h6 (42... h5 43.
Kd2 Bf1 44. b5 axb5 45. axb5 Bc4 46. Kc3 Bf1 47. Kb4 Bd3 48. Ka5 $18) 43. Kd2
Bf1 44. Kc3 Bc4 45. b5 {White win very easyly} axb5 46. axb5 Kc7 47. Nxe6+ Kb6
48. Kd4 Kxb5 49. h5 gxh5 50. Ng7 1-0